Normal view
MARC view
- Computational linguistics.
Entry Topical Term
001 - CONTROL NUMBER
- control field: 10826
003 - CONTROL NUMBER IDENTIFIER
- control field: NUST
005 - DATE AND TIME OF LATEST TRANSACTION
- control field: 20180604042835.0
008 - FIXED-LENGTH DATA ELEMENTS
- fixed length control field: 180604|| aca||aabn | a|a d
040 ## - CATALOGING SOURCE
- Original cataloging agency: NUST
- Transcribing agency: NUST
150 ## - HEADING--TOPICAL TERM
- Topical term or geographic name entry element: Computational linguistics.
670 ## - SOURCE DATA FOUND
- Source citation: Work cat.: (NUST)0: edited by Chris Heunen, Mehrnoosh Sadrzadeh, and Edward Grefenstette, University of Oxford, Department of Computer Science. 10823, Quantum physics and linguistics :, 2013.
